[Event "SVK-chT2D 2223"]
[Site "Slovakia"]
[Date "2022.11.26"]
[Round "5.7"]
[White "Dokaniev, Andrii"]
[Black "Lazo, Juraj"]
[Result "0-1"]
[WhiteElo "1000"]
[BlackElo "1956"]
[PlyCount "118"]
[EventDate "2022.10.08"]
[EventType "team-tourn"]
[EventRounds "11"]
[EventCountry "SVK"]
[SourceTitle "EXT 2024"]
[Source "ChessBase"]
[SourceDate "2023.10.10"]
[SourceVersion "1"]
[SourceVersionDate "2023.10.10"]
[SourceQuality "1"]
[WhiteTeam "Bardejov BSK"]
[BlackTeam "Stropkov/Svidnik"]
[WhiteTeamCountry "SVK"]
[BlackTeamCountry "SVK"]

1. e4 Nf6 2. e5 Nd5 3. d4 d6 4. c4 Nb6 5. exd6 cxd6 6. Nc3 Nc6 7. Be3 Bf5 8. d5 Nb4 9. Rc1 e5 10. a3 Na6 11. b4 Nc7 12. Qb3 Nd7 13. Nf3 Be7 14. Na4 b6 15. Be2 0-0 16. 0-0 Rb8 17. Rfd1 Bg4 18. c5 bxc5 19. Qc2 e4 20. Qxe4 Bxf3 21. Bxf3 cxb4 22. axb4 Nb6 23. Bxb6 axb6 24. Rc6 b5 25. Nc3 Bf6 26. Ne2 Re8 27. Qc2 Rb7 28. Rc1 Na8 29. Ng3 Nb6 30. Ne4 Nc4 31. Be2 Be5 32. Bxc4 bxc4 33. Rxc4 g6 34. g3 f5 35. Nd2 Qb6 36. Nf3 Bg7 37. Rc8 Rxc8 38. Qxc8+ Bf8 39. Ng5 Qxb4 40. Qe6+ Kg7 41. Rc8 Re7 42. Rxf8 Rxe6 43. Rf7+ Kh6 44. Nxe6 Qe1+ 45. Kg2 Qe4+ 46. f3 Qxd5 47. Re7 g5 48. Nf8 g4 49. h4 Qxf3+ 50. Kh2 Qf2+ 51. Kh1 Qf1+ 52. Kh2 Qh3+ 53. Kg1 Qxg3+ 54. Kf1 Qf3+ 55. Kg1 Qd1+ 56. Kf2 Qd4+ 57. Ke2 Qh8 58. Nd7 Kh5 59. Rf7 Qe8+ 0-1

[Event "SVK-chT2D 2122"]
[Site "Slovakia"]
[Date "2022.05.01"]
[Round "11.8"]
[White "Hurtuk, Radovan"]
[Black "Lazo, Juraj"]
[Result "1-0"]
[WhiteElo "2016"]
[BlackElo "1983"]
[PlyCount "101"]
[EventDate "2021.10.16"]
[EventType "team-tourn"]
[EventRounds "11"]
[EventCountry "SVK"]
[SourceTitle "EXT 2023"]
[Source "ChessBase"]
[SourceDate "2022.10.05"]
[SourceVersion "1"]
[SourceVersionDate "2022.10.05"]
[SourceQuality "1"]
[WhiteTeam "Kezmarok"]
[BlackTeam "Stropkov/Svidnik"]
[WhiteTeamCountry "SVK"]
[BlackTeamCountry "SVK"]

1. e4 Nf6 2. Nc3 d5 3. exd5 Nxd5 4. Nf3 Bg4 5. Bc4 e6 6. h3 Nxc3 7. bxc3 Bh5 8. Rb1 Qc8 9. d4 Bd6 10. 0-0 0-0 11. Qd3 Bg6 12. Qe2 Nd7 13. Nh4 Nb6 14. Nxg6 hxg6 15. Bd3 c5 16. h4 Nd5 17. Bd2 b6 18. h5 gxh5 19. Qxh5 Nf6 20. Qh4 c4 21. Be2 Nd5 22. g3 Be7 23. Qh3 Bf6 24. Kg2 Rd8 25. Rh1 Kf8 26. Rbe1 Ke7 27. Qg4 Qc6 28. Bf3 Rh8 29. Bc1 Qd6 30. Qe4 Rxh1 31. Kxh1 Rd8 32. Bb2 g6 33. Kg2 Kf8 34. Rh1 Kg7 35. Qe2 b5 36. a4 a6 37. axb5 axb5 38. Qd2 Rh8 39. Rxh8 Kxh8 40. Qc1 b4 41. cxb4 c3 42. Ba3 Bxd4 43. b5 Qb6 44. Qh6+ Kg8 45. Qf8+ Kh7 46. Qxf7+ Kh8 47. Be4 Qxb5 48. Bxg6 Bg7 49. Qxe6 Nf6 50. Qc8+ Ng8 51. Bf7 1-0

[Event "SVK-chT2D 2122"]
[Site "Slovakia"]
[Date "2022.02.12"]
[Round "5.8"]
[White "Lazo, Juraj"]
[Black "Nandrazi, Dominik"]
[Result "1-0"]
[WhiteElo "1983"]
[BlackElo "1861"]
[PlyCount "135"]
[EventDate "2021.10.16"]
[EventType "team-tourn"]
[EventRounds "11"]
[EventCountry "SVK"]
[SourceTitle "EXT 2023"]
[Source "ChessBase"]
[SourceDate "2022.10.05"]
[SourceVersion "1"]
[SourceVersionDate "2022.10.05"]
[SourceQuality "1"]
[WhiteTeam "Stropkov/Svidnik"]
[BlackTeam "Presov Tatran Dason"]
[WhiteTeamCountry "SVK"]
[BlackTeamCountry "SVK"]

1. d4 c5 2. c4 cxd4 3. Qxd4 Nc6 4. Qd1 Nf6 5. Nc3 e6 6. Nf3 Bb4 7. e3 0-0 8. Qc2 d5 9. cxd5 exd5 10. Be2 Bg4 11. 0-0 Rc8 12. Rd1 Bxc3 13. bxc3 Qc7 14. Ba3 Rfd8 15. Rac1 Ne5 16. Nxe5 Qxe5 17. Rd4 Bxe2 18. Qxe2 h5 19. h3 Rd7 20. Bb2 Rdc7 21. Rcd1 Rc4 22. R1d2 Qf5 23. e4 Qe6 24. Rxc4 dxc4 25. Rd4 b5 26. a4 a6 27. axb5 axb5 28. f4 Re8 29. e5 Qf5 30. Qd1 Ne4 31. Qc2 Ng3 32. Qxf5 Nxf5 33. Rd5 Rb8 34. Kf2 h4 35. Kf3 g6 36. Ba3 Kg7 37. Bb4 Rb7 38. Rd8 Ra7 39. Bf8+ Kh7 40. Bc5 Ra1 41. Rd7 Kg8 42. Rd2 Rc1 43. Bb4 Rf1+ 44. Kg4 Re1 45. Bc5 Rc1 46. Bb4 Kg7 47. Rd8 Rg1 48. Bf8+ Kh7 49. Kf3 Rf1+ 50. Kg4 Rf2 51. Kg5 Ng7 52. Bxg7 Kxg7 53. Rb8 Rxg2+ 54. Kxh4 Rb2 55. Rb7 Kf8 56. Kg5 b4 57. cxb4 c3 58. Kf6 Kg8 59. Rb8+ Kh7 60. Kxf7 c2 61. Rc8 Rxb4 62. f5 Rb7+ 63. Kf6 gxf5 64. Rxc2 f4 65. e6 f3 66. e7 Rb6+ 67. Kf7 Rb7 68. Rf2 1-0

[Event "SVK-chT2D 2122"]
[Site "Slovakia"]
[Date "2021.11.14"]
[Round "4.8"]
[White "Lazo, Juraj"]
[Black "Krasnay, Milan"]
[Result "1-0"]
[WhiteElo "1974"]
[BlackElo "1813"]
[PlyCount "81"]
[EventDate "2021.10.16"]
[EventType "team-tourn"]
[EventRounds "11"]
[EventCountry "SVK"]
[SourceTitle "EXT 2023"]
[Source "ChessBase"]
[SourceDate "2022.10.05"]
[SourceVersion "1"]
[SourceVersionDate "2022.10.05"]
[SourceQuality "1"]
[WhiteTeam "Stropkov/Svidnik"]
[BlackTeam "Kosice 1 CC"]
[WhiteTeamCountry "SVK"]
[BlackTeamCountry "SVK"]

1. d4 d6 2. c4 Nf6 3. Nc3 g6 4. e4 Bg7 5. f3 0-0 6. Be3 e5 7. Nge2 Nc6 8. d5 Ne7 9. Qd2 Re8 10. g4 Bd7 11. Ng3 Qc8 12. g5 Nh5 13. Nxh5 gxh5 14. h4 Ng6 15. Ne2 b5 16. Ng3 bxc4 17. Nxh5 Bb5 18. Nf6+ Kh8 19. h5 Nf4 20. Bxf4 exf4 21. Qxf4 Re5 22. h6 Bf8 23. Nxh7 f5 24. Nxf8 Qxf8 25. g6 Qf6 26. g7+ Kh7 27. 0-0-0 Rb8 28. Qh4 Qf7 29. Rg1 Rbe8 30. Bh3 Bd7 31. Qg3 Rg8 32. Qh4 Rge8 33. Rd4 fxe4 34. Bxd7 Qxd7 35. Rxe4 Qf5 36. Rxe5 Qxe5 37. Qe4+ Qxe4 38. fxe4 Rg8 39. Rh1 Re8 40. Rh4 Kg8 41. Rf4 1-0

[Event "SVK-chT2D 1920"]
[Site "Slovakia"]
[Date "2020.03.07"]
[Round "10.8"]
[White "Lazo, Juraj"]
[Black "Tomondy, Miroslav"]
[Result "1-0"]
[WhiteElo "1967"]
[BlackElo "1985"]
[PlyCount "45"]
[EventDate "2019.10.26"]
[EventType "team-tourn"]
[EventRounds "11"]
[EventCountry "SVK"]
[SourceTitle "EXT 2022"]
[Source "ChessBase"]
[SourceDate "2021.10.06"]
[SourceVersion "1"]
[SourceVersionDate "2021.10.06"]
[SourceQuality "1"]
[WhiteTeam "Stropkov/Svidnik"]
[BlackTeam "Kosice Slavia UPJS III"]
[WhiteTeamCountry "SVK"]
[BlackTeamCountry "SVK"]

1. d4 d5 2. c4 e6 3. Nc3 Nf6 4. Bg5 Be7 5. e3 b6 6. Bxf6 Bxf6 7. cxd5 exd5 8. Bd3 Bb7 9. Nf3 0-0 10. 0-0 Re8 11. Qc2 g6 12. Rac1 c6 13. Rfe1 c5 14. Bb5 Bc6 15. Bxc6 Nxc6 16. dxc5 bxc5 17. Red1 Bxc3 18. Qxc3 c4 19. b3 Na5 20. bxc4 Nxc4 21. Qd4 Nb6 22. Ne5 Qe7 23. Ng4 1-0

[Event "SVK-chT2D 1920"]
[Site "Slovakia"]
[Date "2019.11.16"]
[Round "3.6"]
[White "Janov, Marian"]
[Black "Lazo, Juraj"]
[Result "0-1"]
[WhiteElo "1900"]
[BlackElo "1977"]
[PlyCount "80"]
[EventDate "2019.10.26"]
[EventType "team-tourn"]
[EventRounds "11"]
[EventCountry "SVK"]
[SourceTitle "CBM 193 Extra"]
[Source "ChessBase"]
[SourceDate "2020.01.31"]
[SourceVersion "1"]
[SourceVersionDate "2020.01.31"]
[SourceQuality "1"]
[WhiteTeam "Poprad LS VD"]
[BlackTeam "Stropkov/Svidnik"]
[WhiteTeamCountry "SVK"]
[BlackTeamCountry "SVK"]

1. e4 Nf6 2. Nc3 d5 3. exd5 Nxd5 4. Nxd5 Qxd5 5. Nf3 e5 6. d3 Nc6 7. Be2 Be7 8. 0-0 0-0 9. Be3 Be6 10. Nd2 Nd4 11. Bf3 Nxf3+ 12. Qxf3 Rad8 13. Rfe1 f5 14. Qxd5 Bxd5 15. Nb3 b6 16. Rad1 Bf6 17. f3 c5 18. f4 exf4 19. Bxf4 Bxb2 20. Re7 Rf7 21. Rde1 Bf6 22. Re8+ Rf8 23. Rxf8+ Kxf8 24. Kf2 g5 25. Bd2 Re8 26. Rxe8+ Kxe8 27. c4 Be6 28. a4 Kd7 29. a5 Kd6 30. axb6 axb6 31. Nc1 Bd7 32. Ne2 b5 33. cxb5 Bxb5 34. Ke3 f4+ 35. Ke4 Ke6 36. Kf3 Bxd3 37. Nc3 Kf5 38. g4+ fxg3 39. hxg3 h5 40. Nd5 Be4+ 0-1

[Event "SVK-chT2D 1920"]
[Site "Slovakia"]
[Date "2019.10.26"]
[Round "1.6"]
[White "Lazo, Juraj"]
[Black "Majlath, Zdenko"]
[Result "1/2-1/2"]
[WhiteElo "1973"]
[BlackElo "1916"]
[PlyCount "82"]
[EventDate "2019.10.26"]
[EventType "team-tourn"]
[EventRounds "11"]
[EventCountry "SVK"]
[SourceTitle "CBM 193 Extra"]
[Source "ChessBase"]
[SourceDate "2020.01.31"]
[SourceVersion "1"]
[SourceVersionDate "2020.01.31"]
[SourceQuality "1"]
[WhiteTeam "Stropkov/Svidnik"]
[BlackTeam "Gelnica Slovan"]
[WhiteTeamCountry "SVK"]
[BlackTeamCountry "SVK"]

1. d4 d5 2. c4 c6 3. Nc3 Nf6 4. Nf3 e6 5. Bg5 Be7 6. e3 Nbd7 7. cxd5 exd5 8. Bd3 0-0 9. 0-0 Re8 10. Qc2 h6 11. Bh4 Nh5 12. Bxe7 Qxe7 13. Rae1 Nhf6 14. e4 dxe4 15. Nxe4 Nxe4 16. Rxe4 Qf8 17. Rxe8 Qxe8 18. Re1 Qf8 19. Bc4 Nb6 20. Bb3 Nd5 21. Bxd5 cxd5 22. Qb3 Be6 23. Rc1 Rc8 24. Rc3 Rxc3 25. Qxc3 Qd8 26. Qc5 a6 27. a3 Qd7 28. Nd2 Qa4 29. b3 Qd7 30. f3 Qd8 31. Nf1 Qg5 32. Kf2 Qf5 33. Ne3 Qd3 34. f4 Qe4 35. f5 Qf4+ 36. Ke2 Bxf5 37. Qxd5 Be6 38. Qd8+ Kh7 39. d5 Bg4+ 40. Nxg4 Qxg4+ 41. Kf2 Qf4+ 1/2-1/2

[Event "SVK-ch 50"]
[Site "Tatranske Matliare"]
[Date "2019.06.01"]
[Round "9"]
[White "Lys, Josef"]
[Black "Lazo, Juraj"]
[Result "1/2-1/2"]
[WhiteElo "2147"]
[BlackElo "1952"]
[PlyCount "52"]
[EventDate "2019.05.25"]
[EventType "swiss"]
[EventRounds "9"]
[EventCountry "SVK"]
[SourceTitle "CBM 190 Extra"]
[Source "ChessBase"]
[SourceDate "2019.07.15"]
[SourceVersion "1"]
[SourceVersionDate "2019.07.15"]
[SourceQuality "1"]

1. d4 Nf6 2. c4 e6 3. Nf3 d5 4. e3 Nbd7 5. Bd3 c6 6. Nc3 Bd6 7. b3 0-0 8. Bb2 Re8 9. 0-0 Qe7 10. Re1 Ba3 11. Bxa3 Qxa3 12. Qc2 Qd6 13. Rad1 Nf8 14. Ne5 N6d7 15. f4 f6 16. Nf3 f5 17. c5 Qc7 18. b4 a6 19. a4 b5 20. cxb6 Qxb6 21. Rb1 a5 22. Na2 axb4 23. Rxb4 Qc7 24. Bb5 Bb7 25. Rc1 Rec8 26. Ne1 Qd8 1/2-1/2

[Event "SVK-chT2D 1819"]
[Site "Slovakia"]
[Date "2019.03.02"]
[Round "8.5"]
[White "Svana, Kamil"]
[Black "Lazo, Juraj"]
[Result "1-0"]
[WhiteElo "2026"]
[BlackElo "1970"]
[PlyCount "75"]
[EventDate "2018.10.13"]
[EventType "team-tourn"]
[EventRounds "11"]
[EventCountry "SVK"]
[SourceTitle "CBM 189 Extra"]
[Source "ChessBase"]
[SourceDate "2019.06.03"]
[SourceVersion "1"]
[SourceVersionDate "2019.06.03"]
[SourceQuality "1"]
[WhiteTeam "Spisska Nova Ves"]
[BlackTeam "Stropkov/Svidnik"]
[WhiteTeamCountry "SVK"]
[BlackTeamCountry "SVK"]

1. e4 Nf6 2. e5 Nd5 3. d4 d6 4. Nf3 Bg4 5. h3 Bf5 6. Bd3 Bxd3 7. Qxd3 e6 8. 0-0 Nc6 9. a3 Be7 10. c4 Nb6 11. exd6 cxd6 12. b3 Bf6 13. Bb2 0-0 14. Nc3 d5 15. c5 Nd7 16. b4 Re8 17. Rfe1 g6 18. Re2 Bg7 19. Rae1 Nf6 20. Ne5 Nxe5 21. dxe5 Nd7 22. Nb5 Re7 23. Nd6 Nf8 24. f4 Rc7 25. Bd4 Qh4 26. g3 Qe7 27. g4 f5 28. exf6 Bxf6 29. f5 gxf5 30. Nxf5 Bxd4+ 31. Qxd4 Qg5 32. h4 Qg6 33. Qf4 Rd7 34. Nh6+ Kg7 35. g5 Kh8 36. Rf2 Qg7 37. h5 Re8 38. Ref1 1-0

[Event "SVK-chT2D 1819"]
[Site "Slovakia"]
[Date "2018.11.17"]
[Round "3.4"]
[White "Lazo, Juraj"]
[Black "Popovic, Martin"]
[Result "1/2-1/2"]
[WhiteElo "1970"]
[BlackElo "1820"]
[PlyCount "84"]
[EventDate "2018.10.13"]
[EventType "team-tourn"]
[EventRounds "11"]
[EventCountry "SVK"]
[SourceTitle "CBM 187 Extra"]
[Source "ChessBase"]
[SourceDate "2018.11.04"]
[SourceVersion "1"]
[SourceVersionDate "2018.11.04"]
[SourceQuality "1"]
[WhiteTeam "Stropkov/Svidnik"]
[BlackTeam "Kosice Slavia TU IV"]
[WhiteTeamCountry "SVK"]
[BlackTeamCountry "SVK"]

1. d4 Nf6 2. c4 e6 3. Nc3 Bb4 4. Qc2 Bxc3+ 5. Qxc3 0-0 6. Bg5 b6 7. Nf3 Bb7 8. e3 d6 9. Be2 Nbd7 10. 0-0 Ne4 11. Bxd8 Nxc3 12. bxc3 Rfxd8 13. Nd2 f5 14. Bf3 Bxf3 15. Nxf3 Nf6 16. a4 Ne4 17. Rfc1 g5 18. Rc2 Kf7 19. Kf1 h5 20. Ke2 Rh8 21. Nd2 Nf6 22. a5 Kg6 23. axb6 axb6 24. Rca2 Rxa2 25. Rxa2 Ne4 26. Nxe4 fxe4 27. Ra7 Rh7 28. Ra8 Rf7 29. f3 Kf5 30. Rh8 h4 31. Rg8 d5 32. cxd5 exf3+ 33. gxf3 exd5 34. Rd8 Ke6 35. Rg8 Rf5 36. Rg7 c6 37. Rg6+ Kd7 38. h3 b5 39. Rg7+ Ke6 40. Rg6+ Kd7 41. Kf2 Kc7 42. Ke2 Kd7 1/2-1/2

[Event "SVK-chT1W 1516"]
[Site "Slovakia"]
[Date "2016.03.19"]
[Round "10.3"]
[White "Hacik, Radomir"]
[Black "Lazo, Juraj"]
[Result "1/2-1/2"]
[WhiteElo "2213"]
[BlackElo "2058"]
[PlyCount "81"]
[EventDate "2015.10.24"]
[EventType "team-tourn"]
[EventRounds "11"]
[EventCountry "SVK"]
[SourceTitle "EXT 2017"]
[Source "ChessBase"]
[SourceDate "2016.10.25"]
[SourceVersion "1"]
[SourceVersionDate "2016.10.25"]
[SourceQuality "1"]
[WhiteTeam "Bratislava Slovan III"]
[BlackTeam "Dubnica nad Vahom"]
[WhiteTeamCountry "SVK"]
[BlackTeamCountry "SVK"]

1. e4 Nf6 2. e5 Nd5 3. d4 d6 4. c4 Nb6 5. exd6 cxd6 6. Nf3 Bg4 7. Be2 Nc6 8. Nbd2 e6 9. b3 Be7 10. Bb2 0-0 11. 0-0 d5 12. c5 Nd7 13. Re1 Bf6 14. Ne5 Bxe2 15. Nxc6 Bxd1 16. Nxd8 Rfxd8 17. Raxd1 Nxc5 18. Nf1 Rac8 19. Ne3 Nd7 20. Rc1 h5 21. Kf1 Nb6 22. Ke2 Rxc1 23. Rxc1 Rc8 24. Kd3 Rxc1 25. Bxc1 Be7 26. Bd2 Bd6 27. h3 g6 28. g4 Kg7 29. Ng2 hxg4 30. hxg4 f5 31. g5 Nd7 32. f4 Kf7 33. a4 a6 34. Ne1 Ke7 35. Nf3 Kf7 36. Ne1 Nb6 37. Nc2 Na8 38. Ne1 Nc7 39. Ng2 Ne8 40. Ba5 Ng7 41. Ke2 1/2-1/2

[Event "SVK-chT1W 1516"]
[Site "Slovakia"]
[Date "2015.10.24"]
[Round "1.3"]
[White "Lakatos, Vladimir"]
[Black "Lazo, Juraj"]
[Result "0-1"]
[WhiteElo "2067"]
[BlackElo "2058"]
[PlyCount "80"]
[EventDate "2015.10.24"]
[EventType "team-tourn"]
[EventRounds "11"]
[EventCountry "SVK"]
[SourceTitle "CBM 170 Extra"]
[Source "ChessBase"]
[SourceDate "2016.02.25"]
[SourceVersion "1"]
[SourceVersionDate "2016.02.25"]
[SourceQuality "1"]
[WhiteTeam "Prievidza"]
[BlackTeam "Dubnica nad Vahom"]
[WhiteTeamCountry "SVK"]
[BlackTeamCountry "SVK"]

1. c4 Nf6 2. Nc3 e6 3. e4 d6 4. f4 c5 5. Nf3 Nc6 6. d4 cxd4 7. Nxd4 a6 8. Be3 Qa5 9. Nb3 Qc7 10. Be2 Be7 11. 0-0 0-0 12. Rc1 Bd7 13. Qe1 Rac8 14. Qg3 Qb8 15. f5 Kh8 16. Nd2 b5 17. cxb5 axb5 18. Nxb5 Ne5 19. a4 exf5 20. exf5 Rxc1 21. Rxc1 Rc8 22. Rf1 Rc2 23. b3 Nd5 24. Bd1 Ra2 25. Ne4 Bxb5 26. axb5 Qxb5 27. f6 Nxf6 28. Nxf6 Bxf6 29. Rxf6 gxf6 30. Qh4 Qd3 31. Qxf6+ Kg8 32. Qd8+ Kg7 33. Qg5+ Ng6 34. h4 Qxd1+ 35. Kh2 Qa1 36. Qh6+ Kg8 37. h5 Qe5+ 38. Kh3 Qe6+ 39. Kg3 Qe4 40. hxg6 Rxg2+ 0-1

[Event "SVK-chT1W 1415"]
[Site "Slovakia"]
[Date "2015.03.14"]
[Round "10.4"]
[White "Banas, Kamil"]
[Black "Lazo, Juraj"]
[Result "1-0"]
[WhiteElo "2213"]
[BlackElo "2098"]
[PlyCount "129"]
[EventDate "2014.10.18"]
[EventType "team-tourn"]
[EventRounds "11"]
[EventCountry "SVK"]
[SourceTitle "EXT 2016"]
[Source "ChessBase"]
[SourceDate "2015.10.08"]
[SourceVersion "1"]
[SourceVersionDate "2015.10.08"]
[SourceQuality "1"]
[WhiteTeam "Modra"]
[BlackTeam "Dubnica nad Vahom II"]
[WhiteTeamCountry "SVK"]
[BlackTeamCountry "SVK"]

1. e4 Nf6 2. Nc3 d5 3. e5 Nfd7 4. d4 e6 5. f4 c5 6. Nf3 Nc6 7. Be3 a6 8. Qd2 cxd4 9. Nxd4 Bb4 10. Nb3 0-0 11. Bd3 f6 12. exf6 Nxf6 13. a3 Bd6 14. 0-0-0 Qc7 15. g3 b5 16. Rhe1 b4 17. axb4 Bxb4 18. Bc5 Bxc5 19. Nxc5 Qd6 20. Qf2 Rf7 21. Bf1 Rb8 22. N3e4 Nxe4 23. Rxe4 Nd8 24. Re2 Rc7 25. Nd3 a5 26. f5 Rf7 27. g4 exf5 28. Bg2 Be6 29. Qc5 Qc7 30. Qxc7 Rxc7 31. Rxe6 Nxe6 32. Bxd5 fxg4 33. Bxe6+ Kf8 34. Bxg4 g6 35. Kd2 Rc4 36. h3 Kg7 37. Ra1 Rb5 38. b3 Rd4 39. Kc3 Rd6 40. Nb2 h5 41. Nc4 Rdd5 42. Be6 Rg5 43. Rf1 Rg3+ 44. Kd4 Rg2 45. Rf7+ Kh6 46. Ne3 Rg3 47. Nd5 Rg1 48. Ra7 Rc1 49. Kc4 Rb8 50. c3 Rb1 51. Nf6 Kg5 52. Ne4+ Kf4 53. Nc5 g5 54. Rxa5 g4 55. Nd3+ Ke3 56. Rxh5 R1xb3 57. hxg4 R3b6 58. Rh3+ Kd2 59. Nc5 Rc6 60. g5 Re8 61. Bd7 Re4+ 62. Kd5 Rxc5+ 63. Kxc5 Re5+ 64. Kd6 Rxg5 65. c4 1-0

[Event "SVK-chT1W 1314"]
[Site "Slovakia"]
[Date "2013.11.16"]
[Round "3.4"]
[White "Berek, Geza"]
[Black "Lazo, Juraj"]
[Result "1-0"]
[WhiteElo "2134"]
[BlackElo "2138"]
[PlyCount "163"]
[EventDate "2013.10.12"]
[EventType "team-tourn"]
[EventRounds "11"]
[EventCountry "SVK"]
[SourceTitle "EXT 2015"]
[Source "ChessBase"]
[SourceDate "2014.11.20"]
[SourceVersion "1"]
[SourceVersionDate "2014.11.20"]
[SourceQuality "1"]
[WhiteTeam "Levice"]
[BlackTeam "Dubnica nad Vahom II"]
[WhiteTeamCountry "SVK"]
[BlackTeamCountry "SVK"]

1. e4 Nf6 2. e5 Nd5 3. d4 d6 4. c4 Nb6 5. exd6 cxd6 6. Nc3 Bf5 7. Be3 e6 8. Nf3 Be7 9. b3 0-0 10. Be2 d5 11. c5 N6d7 12. 0-0 Nc6 13. Qd2 Bf6 14. Rac1 Nxc5 15. dxc5 d4 16. Nxd4 Nxd4 17. Bc4 Nc6 18. Qe2 Qa5 19. Nb5 Rad8 20. Nd6 Rd7 21. Rfd1 Rfd8 22. Nxf5 exf5 23. Rxd7 Rxd7 24. Bf4 Re7 25. Qd2 Qxd2 26. Bxd2 Bd4 27. b4 Ne5 28. Be2 f4 29. Kf1 g5 30. Bc3 Bxc3 31. Rxc3 Kf8 32. a3 f6 33. Ke1 f3 34. gxf3 Ng6 35. Kd2 Nf4 36. Bb5 a6 37. Bf1 Rc7 38. c6 b5 39. a4 Nd5 40. Rc5 Nxb4 41. axb5 axb5 42. Bxb5 Ke7 43. Kc3 Nxc6 44. Rxc6 Ra7 45. Bc4 Ra3+ 46. Bb3 Ra1 47. Re6+ Kd7 48. Rxf6 Rf1 49. Rf7+ Kd6 50. Rxh7 Rxf2 51. Rh3 Ke5 52. Kd3 Kf4 53. Bd5 Rg2 54. Rh8 g4 55. fxg4 Rxg4 56. h4 Ke5 57. Rh5+ Kf6 58. Be4 Rg3+ 59. Kd4 Rh3 60. Rh7 Ra3 61. Rb7 Rh3 62. Rh7 Ra3 63. Rh6+ Kg7 64. Rg6+ Kh8 65. Ke5 Rh3 66. Rg4 Ra3 67. Bf5 Re3+ 68. Kf6 Re8 69. Ra4 Rf8+ 70. Kg6 Rb8 71. Kh6 Rb6+ 72. Bg6 Rb8 73. Ra7 Rd8 74. Rb7 Kg8 75. Rg7+ Kh8 76. Re7 Kg8 77. Bf5 Rd6+ 78. Be6+ Kf8 79. Rf7+ Ke8 80. Rf6 Ke7 81. Kg7 Rd1 82. h5 1-0

[Event "SVK-chT2D 10/11"]
[Site "Slovakia"]
[Date "2011.03.27"]
[Round "11.1"]
[White "Gettvert, Vojtech"]
[Black "Lazo, Juraj"]
[Result "0-1"]
[WhiteElo "2014"]
[BlackElo "2143"]
[PlyCount "112"]
[EventDate "2010.10.23"]
[EventType "team-tourn"]
[EventRounds "11"]
[EventCountry "SVK"]
[SourceTitle "EXT 2019"]
[Source "ChessBase"]
[SourceDate "2018.10.10"]
[SourceVersion "1"]
[SourceVersionDate "2018.10.10"]
[SourceQuality "1"]
[WhiteTeam "Kosice Slavia UPJS IV"]
[BlackTeam "Zborov Magura"]
[WhiteTeamCountry "SVK"]
[BlackTeamCountry "SVK"]

1. e4 Nf6 2. e5 Nd5 3. Nc3 Nxc3 4. dxc3 Nc6 5. Nf3 d6 6. exd6 cxd6 7. Be3 e6 8. Be2 Be7 9. 0-0 0-0 10. Re1 Qc7 11. Bg5 Bxg5 12. Nxg5 h6 13. Ne4 d5 14. Ng3 Qb6 15. Rb1 Rd8 16. Bd3 e5 17. Bf5 Rd6 18. Qg4 Rg6 19. Qh3 Bxf5 20. Nxf5 Rd8 21. Qe3 d4 22. cxd4 exd4 23. Qd3 Qc5 24. Qe4 Rg5 25. Ne7+ Nxe7 26. Qxe7 Qd5 27. Qe4 Qxe4 28. Rxe4 Rc5 29. Re2 Rdc8 30. c3 dxc3 31. bxc3 Rxc3 32. g3 Rc1+ 33. Rxc1 Rxc1+ 34. Kg2 Kf8 35. Kf3 Rc6 36. Kg4 g6 37. h3 b5 38. Rb2 a6 39. Kf3 Rc4 40. Kg2 Ke7 41. Rd2 h5 42. Kf3 Ke6 43. Ke3 g5 44. Kf3 b4 45. Ke3 a5 46. Kd3 Rc3+ 47. Kd4 h4 48. gxh4 gxh4 49. Re2+ Kd6 50. Re4 Rxh3 51. Rf4 Ra3 52. Rxh4 Rxa2 53. Rh6+ Ke7 54. f3 a4 55. Rb6 Rb2 56. Kc4 a3 0-1

[Event "SVK-chT2D 10/11"]
[Site "Slovakia"]
[Date "2011.02.05"]
[Round "6.4"]
[White "Rahl, Vojtech"]
[Black "Lazo, Juraj"]
[Result "1-0"]
[WhiteElo "2102"]
[BlackElo "2143"]
[PlyCount "99"]
[EventDate "2010.10.23"]
[EventType "team-tourn"]
[EventRounds "11"]
[EventCountry "SVK"]
[SourceTitle "EXT 2019"]
[Source "ChessBase"]
[SourceDate "2018.10.10"]
[SourceVersion "1"]
[SourceVersionDate "2018.10.10"]
[SourceQuality "1"]
[WhiteTeam "Presov Tatran"]
[BlackTeam "Zborov Magura"]
[WhiteTeamCountry "SVK"]
[BlackTeamCountry "SVK"]

1. c4 Nf6 2. Nf3 e6 3. b3 d5 4. Bb2 Be7 5. e3 0-0 6. Be2 Nbd7 7. 0-0 b6 8. cxd5 Nxd5 9. Nc3 Bb7 10. d4 Rc8 11. Nxd5 exd5 12. Rc1 Re8 13. Rc2 Bd6 14. Qc1 Qe7 15. Bb5 a6 16. Bd3 g6 17. Qd2 f5 18. Rfc1 c6 19. g3 a5 20. a4 Rc7 21. Qe2 Nb8 22. h4 Bc8 23. Kg2 Qf8 24. Qd2 Bb7 25. Rh1 h5 26. Rhc1 Rec8 27. Kg1 Ba6 28. Qe2 Bb7 29. Qf1 Re7 30. Ra1 Rec7 31. Be2 Nd7 32. Qc1 Nb8 33. Ba3 Bxa3 34. Rxa3 Ba6 35. Ne5 Bxe2 36. Rxe2 Qd6 37. Nd3 c5 38. dxc5 bxc5 39. Rc2 c4 40. bxc4 dxc4 41. Rac3 Na6 42. Nf4 Nb4 43. Rd2 Qc6 44. Qd1 Qf6 45. Rd4 Qf7 46. Qd2 Nc6 47. Rdxc4 Ne5 48. Rxc7 Nf3+ 49. Kg2 Rxc7 50. Qd8+ 1-0

[Event "SVK-chT2D 0910"]
[Site "Slovakia"]
[Date "2010.02.06"]
[Round "8.3"]
[White "Fenda, Zdenek"]
[Black "Lazo, Juraj"]
[Result "0-1"]
[WhiteElo "2101"]
[BlackElo "2102"]
[PlyCount "68"]
[EventDate "2009.10.10"]
[EventType "team"]
[EventRounds "11"]
[EventCountry "SVK"]
[SourceTitle "EXT 2011"]
[Source "ChessBase"]
[SourceDate "2010.11.26"]
[SourceVersion "1"]
[SourceVersionDate "2010.11.26"]
[SourceQuality "1"]
[WhiteTeam "Margecany"]
[BlackTeam "Magura Zborov"]
[WhiteTeamCountry "SVK"]
[BlackTeamCountry "SVK"]

1. f4 e5 2. fxe5 d6 3. Nf3 dxe5 4. e4 Bc5 5. Bc4 Nf6 6. d3 Nc6 7. c3 0-0 8. b4 Bb6 9. a4 a6 10. Ra2 h6 11. h3 Be6 12. Bxe6 fxe6 13. g4 Nxe4 14. Rg2 Nf2 15. Rxf2 Bxf2+ 16. Kxf2 e4 17. dxe4 Ne5 18. Nbd2 Qd3 19. Kg2 Nxf3 20. Nxf3 Qxc3 21. Qe2 Rad8 22. Rf1 Rd3 23. Bd2 Qb3 24. a5 b6 25. axb6 cxb6 26. g5 hxg5 27. Bxg5 a5 28. bxa5 bxa5 29. Be7 Rf7 30. Bg5 a4 31. Rf2 a3 32. Ne5 Rg3+ 33. Kf1 Qb1+ 34. Qe1 Rg1+ 0-1